000 00386nam a2200181Ia 4500
001 10985
005 20250626030820.0
008 211022s9999 xx 000 0 und d
020 _a0721404960
082 _a751.4 LAY
100 _aLayfield , Kathie
245 0 _aPainting
260 _aLoughborough
260 _bLadybird Books
260 _c1980
300 _a51
942 _cBK
999 _c12470
_d12470